Přehled výzkumných prací VÚ VTR 1981

Enregistré dans:
Détails bibliographiques
Format: Livre
Langue:tchèque
Publié: Praha Ústav pro ekonomiku a řízení vědeckotechnického rozvoje 1982
Tags: Ajouter un tag
Pas de tags, Soyez le premier à ajouter un tag!

MARC

LEADER 00000nam a2200000 4500
001 c137913
005 20251111084657.4
041 0 |a cze 
044 |a CZ 
245 1 0 |a Přehled výzkumných prací VÚ VTR 1981  |c V. Prokopová 
264 1 |a Praha  |b Ústav pro ekonomiku a řízení vědeckotechnického rozvoje  |c 1982 
300 |a 71 s.